Lanean...

Gopalakrishna Gokhale, Balagangadhara Thilakan

Xehetasun bibliografikoak
Egile nagusia: Vijayanathan, M R
Formatua: Printed Book
Argitaratua: Kottayam, Kairali Childrens Book Trust 1981
Saila:Mahacharithamaala
LEADER 004660000a22001330004500
040 |a MAL 
082 |a 920.02 32 M0.29 
100 |a Vijayanathan, M R 
245 |a Gopalakrishna Gokhale, Balagangadhara Thilakan 
260 |a Kottayam, Kairali Childrens Book Trust 
260 |c 1981 
490 |a Mahacharithamaala  |c 29 
999 |c 26253  |d 26253 
952 |0 0  |1 0  |4 0  |6 920_020000000000000_32_M0_29  |7 0  |8 MAL  |9 26089  |a MGUL  |b MGUL  |d 2013-07-16  |l 0  |o 920.02 32 M0.29  |p 15129  |r 2013-07-16  |w 2013-07-16  |y BK